00488nam a22001457a 4500003000500000038001800005082000800023100002900031245009600060264003500156300002500191650003200216700003700248856005700285NUST aNusrat Nadeem a200 aKazmi, Syeda Nida Zahara aPattern Reconfigurable Leaky-Wave Antenna using Liquid Material/cSyeda Nida Zahara Kazmi,  aIslamabad;bSEECS NUST;c2024. a103,p;bill;c30,cm. aMS- Electrical Engineering  aSupervisor: Dr. Nosherwan Shoaib uhttp://10.250.8.41:8080/xmlui/handle/123456789/45358